| 000 | 01598nam a22004217a 4500 | ||
|---|---|---|---|
| 003 | CHAP | ||
| 005 | 20220329142336.0 | ||
| 008 | 000821d1999 mx rs o00110 spa d | ||
| 010 | _a82058 | ||
| 011 | _a83030 | ||
| 020 | _a9701326652 | ||
| 035 | _a93538 | ||
| 040 | _cCHAP | ||
| 082 | 0 | 4 |
_a317.2 _bI57 1999 Nay. |
| 110 | 2 |
_aInstituto Nacional de Estadística, Geografía e Informática. México _959304 |
|
| 245 | 1 | 0 |
_aPerspectiva estadística de Nayarit _c/por Instituto Nacional de Estadística, Geografía e Informática |
| 260 |
_aAguascalientes, Ags. : _bInstituto Nacional de Estadística, Geografía e Informática, _c1999. |
||
| 300 |
_a102 p. : _bgráfs. ; cuadros |
||
| 590 |
_aBATCH-UPD _b10 _c20130110 _lUCH01 _h0034 |
||
| 590 |
_aBATCH-UPD _b10 _c20130110 _lUCH01 _h0647 |
||
| 590 |
_aBATCH-UPD _b10 _c20130410 _lUCH01 _h0332 |
||
| 590 |
_aBATCH-UPD _b10 _c20130410 _lUCH01 _h1646 |
||
| 590 |
_aBATCH-UPD _b10 _c20130914 _lUCH01 _h0721 |
||
| 590 |
_aBATCH-UPD _b10 _c20130914 _lUCH01 _h2150 |
||
| 590 |
_aCONVERSION _b10 _c20130109 _lUCH01 _h1346 |
||
| 650 | 1 | 4 |
_aAgricultura _xEstadisticas _zNayarit. _91460 |
| 650 | 1 | 4 |
_aBosques _xEstadísticas _xNayarit. _914152 |
| 650 | 1 | 4 |
_aEmpleo _xNayarit. _936570 |
| 650 | 1 | 4 |
_aGanadería _xEstadísticas _zNayarit. _944718 |
| 650 | 1 | 4 |
_aNayarit _xEstadísticas. _980626 |
| 650 | 1 | 4 |
_aNayarit _xHistoria. _980628 |
| 650 | 1 | 4 |
_aPoblación _zNayarit. _989430 |
| 650 | 1 | 4 |
_aVivienda _xNayarit. _9120138 |
| 901 | _aBK | ||
| 905 | _aPatricia Mendoza P. | ||
| 942 | _cLIBRO | ||
| 949 |
_a317.2 I57 1999 Nay. _bBC _cINEGI _d33724000771515 _eINEGI _h98105 _i93538 _sb |
||
| 999 |
_c82058 _d82058 |
||